[Event "HUN-chT2 Asztalos 2122"]
[Site "Hungary"]
[Date "2022.01.30"]
[Round "5.11"]
[White "Kollar, Tibor"]
[Black "Molnar, Kiara"]
[Result "1-0"]
[WhiteElo "1735"]
[BlackElo "1435"]
[PlyCount "77"]
[EventDate "2021.10.10"]
[EventType "team-tourn"]
[EventRounds "9"]
[EventCountry "HUN"]
[SourceTitle "EXT 2025"]
[Source "ChessBase"]
[SourceDate "2024.10.14"]
[SourceVersion "1"]
[SourceVersionDate "2024.10.14"]
[SourceQuality "1"]
[WhiteTeam "Komlo Banyasz II"]
[BlackTeam "Racalmas Kiralysakk"]
[WhiteTeamCountry "HUN"]
[BlackTeamCountry "HUN"]

1. e4 d5 2. e5 d4 3. f4 Nc6 4. Nf3 Bg4 5. Bc4 e6 6. 0-0 Bc5 7. d3 Nge7 8. h3 Bh5 9. g4 Bg6 10. a3 h5 11. b4 Bb6 12. Nbd2 hxg4 13. hxg4 Kd7 14. Bb2 Rh3 15. Kg2 Qh8 16. Rh1 Rh6 17. Ne4 Rd8 18. Neg5 Kc8 19. Qe2 Rf8 20. Qf2 Nd5 21. Bxd5 exd5 22. f5 f6 23. Ne6 Re8 24. exf6 gxf6 25. Rxh6 Qxh6 26. Rh1 Qe3 27. Qxe3 dxe3 28. fxg6 Rxe6 29. g7 Ne7 30. Rh8+ Kd7 31. g8Q Nxg8 32. Rxg8 Rc6 33. Ne1 d4 34. Kf3 Re6 35. Rg7+ Kd6 36. Ke2 Kd5 37. Rd7+ Kc6 38. Rd8 a6 39. Nf3 1-0